00677nam a2200133Ia 4500008004100000020001800041245004800059260002200107650001700129650026000146856004500406999001900451952007300470171212s9999 xx 000 0 und d a9781925022193 ceditor Harris, AmandaaCirculating Cultures bANU E Pressc2014 aAnthropology aSocial change -- Australia -- Cross-cultural studies; Culture diffusion -- Australia; Intercultural communication in art; Music in intercultural communication; Aboriginal Australians -- Music -- 21st century -- Cross-cultural studies; Art, Aboriginal Aust uhttp://www.jstor.org/stable/j.ctt13wwv9j c351040d351040 001040aCLbCLd2017-12-12l0r2017-12-12 00:00:00w2017-12-12yCBE